000 00481nam a2200157Ia 4500
008 240729s9999 xx 000 0 und d
022 _a2210-142X
245 0 _aInternational Journal of Computing and Digital Systems
260 _aBahrain
260 _bUniversity of Bahrain
650 _a Electrical engineering. Electronics. Nuclear engineering
650 _aTechnology
856 _uhttps://doaj.org/toc/c796b7cb64fc4af981072cb813d5ce89
942 _2ddc
942 _cDOAJEJ
999 _c69771
_d69771
945 _a1
_bMadushi Gamage
_c1
_dMadushi Gamage